Países del Imperio Italiano en un mapa - Estadísticas

Estadísticas generales
  • Esta prueba ha sido intentada 64 veces
  • La puntuación promedio es 18 de 19
Respuestas en el mapa
Las respuestas están codificadas por una escala verde-roja en el mapa de la prueba según el % correcto abajo.
 
Estadísticas de respuestas
Respuesta % Correcto
Albania
100%
Croacia
100%
Grecia
100%
Italia
100%
San Marino
100%
Túnez
100%
Egipto
98%
Eslovenia
98%
Libia
98%
Ciudad del Vaticano
97%
Francia
97%
Somalia
97%
Bosnia y Herzegovina
95%
Kosovo
95%
Etiopía
93%
Eritrea
91%
Malta
91%
Montenegro
91%
China
72%
No se encontraron pruebas coincidentes
Distribución de puntuación
Porcentaje de gente con cada puntuación
Porcentaje por número respondido
Historial de tus puntuaciones
No has intentado esta prueba.